000 00241nam a2200097Ia 4500
001 1074074
005 20250827002213.0
008 250824s9999 xx 000 0 und d
245 0 _aPİR SULTAN
_cBİLAL KEMİKLİ
260 _bKETEBE YAYINLARI
999 _c1074074
_d1074074